000 00663nam a2200241Ia 4500
005 20260430150554.0
008 008 250103s9999 xx 000 0 eng d
037 _aTheses
040 _aCRL
040 _beng
040 _ceng
041 _2eng
041 _aeng
084 _qCRL
100 _aThapliyal Charu Au.; Tiwari Divya Gu.
_91237889
245 0 _aVasistha's Dhyana Yoga -An Academic Exploration of the Philosophy of Meditation in Yoga-Vasistha
260 _c2023
300 _a121p.
650 _aPhilosophy
700 _aUniversity of Delhi. Faculty of Arts. Deptt. of Philosopy
_91237890
942 _cTH
999 _c1850110
_d1850110